Statistics for John DiMaggio Filmography

Click here to take the quiz!

General Stats

  • This quiz has been taken 22 times
    (3 since last reset)
  • The average score is 70 of 446

Answer Stats

TypeYearName% Correct
TV Show2010-2018Adventure Time
67%
TV Show2006-2021American Dad!
67%
Film2020Batman: Death in the Family
67%
TV Show2008-2011Batman: The Brave and the Bold
67%
Video Game2010Batman: The Brave and the Bold - The Videogame
67%
Film2023Batman: The Doom That Came to Gotham
67%
Web Series2015Batman Unlimited
67%
Film2019Batman vs. Teenage Mutant Ninja Turtles
67%
Video Game2003Futurama
67%
TV Show1999-2013, 2023Futurama
67%
Film2007Futurama: Bender's Big Score
67%
TV Show1997, 2004Johnny Bravo
67%
TV Show2017-2019Rick and Morty
67%
TV Show1998Rugrats
67%
Film2020Scoob!
67%
Film2010Scooby-Doo! Abracadabra-Doo
67%
Film2018Scooby-Doo! & Batman: The Brave and the Bold
67%
Film2011Scooby-Doo! Legend of the Phantosaur
67%
TV Show2007SpongeBob SquarePants
67%
TV Show2004Star Wars: Clone Wars
67%
TV Show2014, 2016Teenage Mutant Ninja Turtles
67%
TV Show2004, 2005The Batman
67%
TV Show2005, 2014The Simpsons
67%
Film2023The Super Mario Bros. Movie
67%
Film2016Zootopia
67%
TV Mini-Series2020-2021Adventure Time: Distant Lands
33%
TV Mini-Series2023Adventure Time: Fionna & Cake
33%
Video Game2012Adventure Time: Hey Ice King! Why'd You Steal Our Garbage?!!
33%
Short Film2012Adventure Time: The Wand
33%
Video Game2009Afro Samurai
33%
TV Show2007Afro Samurai
33%
Web Series2014All Hail King Julien
33%
Film2011All-Star Superman
33%
TV Show2005-2007American Dragon: Jake Long
33%
TV Show2013, 2015Aqua Teen Hunger Force
33%
Film2006Asterix and the Vikings
33%
TV Show2006, 2008Avatar: The Last Airbender
33%
TV Show2013, 2014, 2015Avengers Assemble
33%
TV Show2007-2011Back at the Barnyard
33%
Film2006Barnyard
33%
Video Game2006Barnyard
33%
Film2017Batman and Harley Quinn
33%
Film2014Batman: Assault on Arkham
33%
Film2016Batman: Bad Blood
33%
Film2018Batman: Gotham by Gaslight
33%
Film2016Batman: The Killing Joke
33%
Film2021Batman: The Long Halloween, Part Two
33%
Film2010Batman: Under the Red Hood
33%
Film2015Batman Unlimited: Animal Instincts
33%
Film2016Batman Unlimited: Mechs vs. Mutants
33%
Film2007Bee Movie
33%
TV Show2016-2021Ben 10
33%
TV Show2006, 2007Ben 10
33%
Video Game2017Ben 10
33%
Video Game2008Ben 10: Alien Force
33%
TV Show2008-2010Ben 10: Alien Force
33%
Video Game2009Ben 10 Alien Force: Vilgax Attacks
33%
Video Game2011Ben 10: Galactic Racing
33%
TV Show2012-2014Ben 10: Omniverse
33%
Video Game2012Ben 10: Omniverse
33%
Video Game2013Ben 10: Omniverse 2
33%
TV Show2010-2012Ben 10: Ultimate Alien
33%
Video Game2010Ben 10 Ultimate Alien: Cosmic Destruction
33%
TV Film2020Ben 10 vs. the Universe: The Movie
33%
TV Show2020Better Call Saul
33%
Film2008Bolt
33%
TV Show2008Bones
33%
TV Film2006Casper's Scare School
33%
TV Show2005-2006Catscratch
33%
TV Show2007-2010Chowder
33%
Web Series2020Cleopatra in Space
33%
TV Show2002, 2005Codename: Kids Next Door
33%
TV Show1997Cracker
33%
Video Game2021Crash Bandicoot: On the Run!
33%
Video Game2008Crash: Mind over Mutant
33%
Video Game2003Crash Nitro Kart
33%
Film2016Dc Super Hero Girls: Hero of the Year
33%
Video Game2014Destiny
33%
Film2012Dino Time
33%
Web Series2018-2023Disenchantment
33%
Film2001Dr. Dolittle 2
33%
TV Show2009, 2012Fanboy & Chum Chum
33%
Video Game2001Final Fantasy X
33%
Video Game2003Final Fantasy X-2
33%
Video Game2006Final Fantasy XII
33%
Video Game2009Final Fantasy XIII
33%
TV Show2018-2021Final Space
33%
Web Series2017F Is for Family
33%
Film2009Futurama: Into the Wild Green Yonder
33%
Film2008Futurama: The Beast with a Billion Backs
33%
Video Game2006Gears of War
33%
Video Game2008Gears of War 2
33%
Video Game2011Gears of War 3
33%
Video Game2016Gears of War 4
33%
Video Game2013Gears of War: Judgment
33%
Video Game2011Generator Rex: Agent of Providence
33%
TV Show2012-2016Gravity Falls
33%
TV Show2012Green Lantern: The Animated Series
33%
Video Game2012Guild Wars 2
33%
Video Game2007Halo 3
33%
Video Game2017Halo Wars 2
33%
Web Series2019Historical Roasts
33%
TV Show2014Hulk and the Agents of S.M.A.S.H.
33%
Documentary2013I Know That Voice
33%
Web Series2021-2022Inside Job
33%
TV Show2001-2005Jackie Chan Adventures
33%
Film2020Justice League Dark: Apokolips War
33%
TV Show2005Justice League Unlimited
33%
Film2023Justice League: Warworld
33%
TV Show2002-2007Kim Possible
33%
TV Show1996Law & Order
33%
Film2015LEGO DC Comics Super Heroes: Justice League vs. Bizarro League
33%
Film2015LEGO DC Comics Super Heroes: Justice League vs. Bizarro League DC Comics Super Heroes: Justice League - Attack of the Legion of Doom!
33%
Film2016LEGO DC Comics Super Heroes: Justice League vs. Bizarro League DC Comics Super Heroes: Justice League - Gotham City Breakout
33%
Video Game2015LEGO Dimensions
33%
TV Show2005Lilo & Stitch: The Series
33%
TV Show2012Mad
33%
Video Game2009MadWorld
33%
TV Show2012Modern Family
33%
Video Game2022MultiVersus
33%
TV Show2006My Name Is Earl
33%
Web Series2020Mythic Quest: Raven's Banquet
33%
Web Series2018-2022Paradise PD
33%
TV Show2023Perry Mason
33%
TV Film1999Pirates of Silicon Valley
33%
Film2005Pom Poko
33%
Film1999Princess Mononoke
33%
Film2018Ralph Breaks the Internet
33%
TV Show2018Robot Chicken
33%
TV Show2000Rocket Power
33%
TV Show2001-2003, 2017Samurai Jack
33%
Video Game2004Samurai Jack: The Shadow of Aku
33%
TV Show2013-2016Sanjay and Craig
33%
TV Show2013Sanjay and Craig
33%
Web Series2019, 2020, 2021Scooby-Doo and Guess Who?
33%
Film2004Scooby-Doo! and the Loch Ness Monster
33%
Video Game2010Scooby-Doo! and the Spooky Swamp
33%
Film2012Scooby-Doo! Mask of the Blue Falcon
33%
Film2012Secret of the Wings
33%
Video Game2005Shadow of Rome
33%
Web Series2016-2017Skylanders Academy
33%
Film2010Space Chimps 2: Zartog Strikes Back
33%
Video Game2003Spawn: Armageddon
33%
TV Show2017-2020Spider-Man
33%
Video Game2004Spider-Man 2
33%
Video Game2007Spider-Man: Friend or Foe
33%
Video Game2010Spider-Man: Shattered Dimensions
33%
TV Film2014Stan Lee's Mighty 7
33%
Video Game2011Star Wars: The Old Republic
33%
TV Show2018Superior Donuts
33%
Film2007Superman: Doomsday
33%
Video Game1999T'ai Fu: Wrath of the Tiger
33%
TV Show2004-2005Teen Titans
33%
TV Show2013-PresentTeen Titans Go!
33%
Film2018Teen Titans GO! To the Movies
33%
TV Show2005, 2006, 2010The Boondocks
33%
Web Series2015The Mr. Peabody & Sherman Show
33%
TV Show2013The Newsroom
33%
TV Show2008-2015The Penguins of Madagascar
33%
TV Show2004The Powerpuff Girls
33%
Video Game2007The Simpsons Game
33%
Video Game1997The Space Bar
33%
TV Show2008-2009The Spectacular Spider-Man
33%
Film2009Tinker Bell and the Lost Treasure
33%
Film2007TMNT
33%
TV Show1999Todd McFarlane's Spawn
33%
Film2013Tom and Jerry's Giant Adventure
33%
Film2005Tom and Jerry: The Fast and the Furry
33%
Film2014Transformers: Age of Extinction
33%
Film2011Transformers: Dark of the Moon
33%
Video Game2009Transformers: Revenge of the Fallen
33%
Film2023Transformers: Rise of the Beasts
33%
Film2017Transformers: The Last Knight
33%
TV Show2015, 2016Uncle Grandpa
33%
Film2001Vampire Hunter D: Bloodlust
33%
Short Film2004Van Helsing: The London Assignment
33%
TV Show2017We Bare Bears
33%
Film2000Whispers: An Elephant's Tale
33%
Film2009Wonder Woman
33%
Video Game2016World of Warcraft: Legion
33%
Film2012Wreck-It Ralph
33%
Video Game2004X-Men Legends
33%
Video Game2005Yakuza
33%
TV Show2000Zombie College
33%
Video Game200550 Cent: Bulletproof
0%
Film20077-10 Split
0%
Video Game2013Adventure Time: Explore the Dungeon Because I Don't Know!
0%
Video Game2015Adventure Time: Finn & Jake Investigations
0%
Video Game2015Adventure Time: Game Wizard
0%
Video Game2018Adventure Time: Pirates of the Enchiridion
0%
Video Game2014Adventure Time: The Secret of the Nameless Kingdom
0%
TV Film2016Albert
0%
TV Show2007All Grown Up!
0%
TV Show2021, 2022, 2023Alpha Betas
0%
Short Film2019American Typecast
0%
TV Show2019-2022Amphibia
0%
Web Series2020-2023Animaniacs
0%
Video Game2007Aqua Teen Hunger Force Zombie Ninja Pro-Am
0%
Web Series2016Ask the StoryBots
0%
Short Film2006A Terrifying Message from Al Gore
0%
Short Film2020A Trash Truck Christmas
0%
Film2015Back to the Jurassic
0%
Film2012Back to the Sea
0%
Short Film2015Badly Drawn Animals
0%
TV Show2000Becker
0%
TV Show2016, 2017Be Cool, Scooby-Doo!
0%
Video Game2020Ben 10: Power Trip
0%
TV Show2018Big City Greens
0%
TV Show2019-2020Big Hero 6: The Series
0%
TV Show2014, 2015Black Dynamite
0%
Film1996Black Mask
0%
Video Game2018Bloons Adventure Time TD
0%
TV Show2014Breadwinners
0%
TV Show2012-2014Brickleberry
0%
Video Game2007Call of Duty 4: Modern Warfare
0%
Video Game2016Call of Duty: Modern Warfare Remastered
0%
Documentary2011Carl Panzram: The Spirit of Hatred and Vengeance
0%
Video Game2011Cartoon Network: Punch Time Explosion
0%
Film2003Castle in the Sky
0%
Short Film2011Catwoman
0%
TV Show2006-2007Celebrity Deathmatch
0%
TV Show1996-1997Chicago Hope
0%
TV Show2013-2017Clarence
0%
Short Film2015Clarence Shorts: Beauford T. Pusser
0%
TV Short2013Coffin Dodgers
0%
TV Show1996Common Law
0%
Web Series2017Comrade Detective
0%
Web Series2019Costume Quest
0%
Video Game2017Crash Bandicoot N. Sane Trilogy
0%
Video Game2007Crash of the Titans
0%
Video Game2019Crash Team Racing Nitro-Fueled
0%
TV Show2004CSI: NY
0%
Film2009Danny Greene: The Rise and Fall of the Irishman
0%
TV Show2011-2012Dan Vs.
0%
TV Show2004Dave the Barbarian
0%
Web Series2015-2018DC Super Hero Girls
0%
Film2017DC Super Hero Girls: Intergalactic Games
0%
TV Short2016DC Super Hero Girls: Super Hero High
0%
TV Show2001Dead Last
0%
Video Game2017Destiny 2
0%
Video Game2018Destiny 2: Forsaken
0%
Video Game2022Destiny 2: The Witch Queen
0%
TV Show2001Disney's the Legend of Tarzan
0%
Web Series2021-PresentDogs in Space
0%
Film2009Dragon Hunters
0%
TV Show2003-2005Duck Dodgers
0%
TV Show2018, 2020DuckTales
0%
TV Show2021-2022Duncanville
0%
Video Game2002Earth and Beyond
0%
Film1996Eddie
0%
TV Short2015Eddie of the Realms Eternal
0%
TV Show2007-2008El Tigre: The Adventures of Manny Rivera
0%
Video Game2007Empire Earth III
0%
Film2013Epic
0%
TV Show2004ER
0%
Film2005Extreme Dating
0%
TV Mini-Series2017Farkels
0%
Web Series2022Farzar
0%
TV Show2004Father of the Pride
0%
TV Show2001Felicity
0%
Video Game2020Final Fantasy VII Remake
0%
Video Game2011Final Fantasy XIII-2
0%
Short Film2003Final Flight of the Osiris
0%
TV Show2010-2013Fish Hooks
0%
Video Game2004Forgotten Realms: Demon Stone
0%
Video Game2019Freedom Finger
0%
TV Show2007Friday: The Animated Series
0%
Film1998Frogs for Snakes
0%
Video Game2009FusionFall
0%
Film2008Futurama: Bender's Game
0%
Video Game2017Futurama: Worlds of Tomorrow
0%
TV Show2016, 2017, 2018Future-Worm!
0%
Video Game2019Gears 5
0%
TV Show2010-2013Generator Rex
0%
TV Show2010Glenn Martin, DDS
0%
Web Series2020Glitch Techs
0%
TV Show2015Golan the Insatiable
0%
Film1998Golgo 13: Queen Bee
0%
TV Show2013Gravity Falls Shorts
0%
Short Film2010Green Arrow
0%
Video Game2004Ground Control II: Operation Exodus
0%
TV Film2005Grown Men
0%
TV Show2015, 2017Guardians of the Galaxy
0%
Video Game2015Guild Wars 2: Heart of Thorns
0%
Video Game2014Halo 2: Anniversary
0%
Video Game2009Halo 3: ODST
0%
TV Show2022Hamster & Gretel
0%
Film2006Happily N'Ever After
0%
Web Series2014Hardboiled Eggheads
0%
Video Game2014Hearthstone: Heroes of Warcraft
0%
Podcast2022I Hear Voices
0%
Short Film2002I Lost 20lbs in Two Months, Ask Me How
0%
TV Show2022Interview with the Vampire
0%
Short Film2008Irish Twins
0%
TV Show2020-2021It's Pony
0%
TV Show2017-2018Justice League Action
0%
TV Show2017Justice League Action Shorts
0%
Film2003Kaena: The Prophecy
0%
TV Show2012-2013Kaijudo: Rise of the Duel Masters
0%
TV Show2010-2012Kick Buttowski: Suburban Daredevil
0%
TV Film2003Kim Possible: A Sitch in Time
0%
Video Game2002Kim Possible: Revenge of Monkey Fist
0%
TV Film2005Kim Possible: So the Drama
0%
Video Game2006Kim Possible: What's the Switch?
0%
Video Game2005Kingdom Hearts II
0%
Video Game2007Kingdom Hearts II: Final Mix+
0%
Video Game2008Kingdom Under Fire: Circle of Doom
0%
TV Pilot2006Korgoth of Barbaria
0%
TV Show2023Krapopolis
0%
TV Show2011-2016Kung Fu Panda: Legends of Awesomeness
0%
Short Film2008Kung Fu Panda: Secrets of the Furious Five
0%
TV Short2010Legend of the Boneknapper Dragon
0%
TV Short2014LEGO DC Comics: Batman Be-Leaguered
0%
TV Show2016-2017LEGO DC Comics Super Heroes: Justice League vs. Bizarro League Star Wars: The Freemaker Adventures
0%
Film2017LEGO DC Super Hero Girls: Brain Drain
0%
Film2018LEGO DC Super Hero Girls: Super-Villain High
0%
Video Game2013LEGO Marvel Super Heroes
0%
TV Show2018LEGO Star Wars: All-Stars
0%
Short Film2021LEGO Star Wars Terrifying Tales
0%
TV Show2004Less Than Perfect
0%
Podcast2017-2020Listen Out Loud Podcast
0%
Film2010Little Fockers
0%
TV Show2003Lloyd in Space
0%
Web Series2019Love, Death & Robots
0%
Film2012Madagascar 3: Europe's Most Wanted
0%
Film2008Madagascar: Escape 2 Africa
0%
Web Series2021Marvel's M.O.D.O.K.
0%
Video Game2009Marvel: Ultimate Alliance 2
0%
Web Mini-Series2021Maya and the Three
0%
Film2011Mia and the Migoo
0%
Video Game2014Middle-earth: Shadow of Mordor
0%
TV Show2021-2022Middlemost Post
0%
TV Show2017Milo Murphy's Law
0%
Short Film2019Minion Scouts
0%
Film2022Minions: The Rise of Gru
0%
TV Show2017-2018Mission Force One
0%
TV Short2016Morris & the Cow
0%
TV Show2006, 2007My Gym Partner's a Monkey
0%
Web Series2017Neo Yokio
0%
TV Show2017, 2018, 2020New Looney Tunes
0%
Web Series2017Niko and the Sword of Light
0%
Video Game2009Ninja Blade
0%
TV Show2003Ninja Scroll: The Series
0%
TV Show2000NYPD Blue
0%
TV Show2018OK K.O.! Let's Be Heroes
0%
TV Show2013Out There
0%
TV Show2017Penn Zero: Part-Time Hero
0%
TV Show2008, 2011Phineas and Ferb
0%
TV Show2016, 2017Pickle and Peanut
0%
TV Show2015-2017Pig Goat Banana Cricket
0%
TV Show2010Planet Sheen
0%
TV Show2009Popzilla
0%
TV Show2010-2013Pound Puppies
0%
Short Film2003Program
0%
TV Show2008, 2009Random! Cartoons
0%
TV Show2012-2015Randy Cunningham: 9th Grade Ninja
0%
TV Short2000Rat Bastard
0%
Video Game2009Real Heroes: Firefighter
0%
TV Show1999-2000Reign: The Conqueror
0%
TV Show2018Rise of the Teenage Mutant Ninja Turtles
0%
TV Show2000, 2001Rude Awakening
0%
Film2021Rumble
0%
Video Game2020Samurai Jack: Battle Through Time
0%
TV Show2010, 2012Scooby-Doo! Mystery Incorporated
0%
Film2010Screwball: The Ted Whitfield Story
0%
TV Show2006Shaggy & Scooby-Doo Get a Clue!
0%
TV Show2006, 2007Shorty McShorts' Shorts
0%
Web Series2023Skull Island
0%
TV Show2015Skulls of the Shogun
0%
Video Game2015Skylanders: SuperChargers
0%
Video Game2013Skylanders: SWAP Force
0%
Video Game2014Skylanders: Trap Team
0%
TV Show2017Sofia the First
0%
TV Show2020Spitting Image
0%
Video Game2015StarCraft II: Legacy of the Void
0%
TV Show2016-2019Star vs. the Forces of Evil
0%
TV Show2019Star Wars Resistance
0%
Video Game2015Star Wars: The Old Republic - Knights of the Fallen Empire
0%
TV Show2004Static Shock
0%
Video Game2006Superman Returns
0%
Short Film2010Superman/Shazam!: The Return of Black Adam
0%
Documentary2012Superthief: Inside America's Biggest Bank Score
0%
TV Show2010-2011Sym-Bionic Titan
0%
TV Show2007-2008Tak & the Power of Juju
0%
Video Game2008Tak and the Guardians of Gross
0%
TV Film2001Taking Back Our Town
0%
Film2010Tangled
0%
Film2021Teen Titans Go! See Space Jam
0%
Film2006Tekkonkinkreet
0%
Web Series2015-2018The Adventures of Puss in Boots
0%
Short Film2013The Animated Tales of GWAR
0%
Film2003The Animatrix
0%
TV Show2011, 2012The Avengers: Earth's Mightiest Heroes
0%
Web Series2022The Boys Presents: Diabolical
0%
Short Film2014The Brothers Brimm
0%
TV Show2020The Casagrandes
0%
Video Game2004The Chronicles of Riddick: Escape from Butcher Bay
0%
TV Film2000The Darkling
0%
TV Mini-Series2006, 2007The Disney Channel Games
0%
TV Show2006The Emperor's New School
0%
Web Series2018The Epic Tales of Captain Underpants
0%
TV Show2021-PresentThe Ghost and Molly McGee
0%
TV Show2002The Grim Adventures of Billy & Mandy
0%
Film2009The Haunted World of El Superbeasto
0%
TV Show2012-2013The High Fructose Adventures of Annoying Orange
0%
Video Game2005The Incredible Hulk: Ultimate Destruction
0%
TV Show2014The League
0%
TV Show2013The Looney Tunes Show
0%
TV Show2016-PresentThe Loud House
0%
Short Film2005The Madagascar Penguins in a Christmas Caper
0%
Film2023The Magician's Elephant
0%
TV Show2003The Mummy
0%
Video Game2011The Penguins of Madagascar: Dr. Blowhole Returns - Again!
0%
Film2010The Penguins of Madagascar - Operation: Get Ducky
0%
TV Film2000The Prince and the Pauper
0%
TV Show2011-2013The Problem Solverz
0%
TV Show2022The Really Loud House
0%
TV Show2006-2009The Replacements
0%
TV Show2010The Sarah Silverman Program.
0%
Film2014The Shoot
0%
Short Film2015The Thief of Always
0%
Film2005Thru the Moebius Strip
0%
TV Show2018-2020Tigtone
0%
Film2012Tom and Jerry: Robin Hood and His Merry Mouse
0%
TV Show2012Transformers: Prime
0%
TV Show2015, 2016Transformers: Robots in Disguise
0%
TV Show2014-2016TripTank
0%
Web Series2013-2014Turbo FAST
0%
Theater2003Turnaround
0%
Video Game2008Turning Point: Fall of Liberty
0%
TV Show2012, 2013, 2015Ultimate Spider-Man
0%
Video Game2005Ultimate Spider-Man
0%
Film2007Underdog
0%
TV Show2018Unikitty!
0%
Video Game2008Valkyria Chronicles
0%
Video Game2010Valkyria Chronicles II
0%
Video Game2004Vampire: The Masquerade - Bloodlines
0%
Web Series2017-2018Voltron: Legendary Defender
0%
TV Show2002What a Cartoon!
0%
TV Show2002-2005What's New, Scooby-Doo?
0%
TV Show2006Where My Dogs At?
0%
TV Show2004Without a Trace
0%
Video Game2004World of Warcraft
0%
Video Game2018World of Warcraft: Battle for Azeroth
0%
Video Game2005X-Men Legends II: Rise of Apocalypse
0%
TV Show2023Young Jedi Adventures
0%

Score Distribution

Percentile by Number Answered

Percent of People with Each Score

Your Score History

You have not taken this quiz since the last reset